000
00248nam a2200097Ia 4500
001
1250584
005
20251031150859.0
008
251031s9999 xx 000 0 und d
245
0
_c
HİKMET ANIL ÖZTEKİN
_a
B-4 FESLEĞEN
260
_b
DESTEK YAYINLARI
999
_c
1250584
_d
1250584